00995nab a2200229 4500003001000000005001700010008004100027040001400068041000800082100005400090245003700144260003500181300001300216500025900229650004700488650001900535650002100554773010000575942005700675945001600732999001700748AR-RoBPED20260504112140.0260504b |||||||| |||| 00| 0 spa d aAR-RoBPED aspa1 aAlbrecht, Federico926233eProfesor de Biología1 aEducar en escenarios naturales / aBuenos Aires :bNoveduc,c2023 a62-63 p. aLas salidas de campo a la naturaleza son una herramienta necesaria para la enseñanza de las Ciencias Naturales dado que la escena didáctica transcurre en un aula a cielo abierto donde poner en juego competencias y habilidades del campo científico.  7aENSEÑANZA DE LAS CIENCIAS NATURALES9568 7aDIDACTICA9167 7aAPRENDIZAJE95600 020414940098dBuenos Aires : Noveduc, 1993-tNovedades Educativasw(AR-RoBPED)20414x03283534 2udccREVh37(05)mNov 86 N° 393 (Dic.2023)ak.32686 amar 05/2026 c32686d32686